Normal view
MARC view
Entry Uniform Title
001 - CONTROL NUMBER
- control field: 18051
003 - CONTROL NUMBER IDENTIFIER
- control field: TZ-ArACH
005 - DATE AND TIME OF LATEST TRANSACTION
- control field: 20160122150736.0
008 - FIXED-LENGTH DATA ELEMENTS
- fixed length control field: 160122|||a|||||| | ||| d
040 ## - CATALOGING SOURCE
- Original cataloging agency: TZ-ArACH
- Transcribing agency: TZ-ArACH
130 ## - HEADING--UNIFORM TITLE
- Uniform title: Geneva Conventions
- Date of treaty signing: (1949 August 12)
670 ## - SOURCE DATA FOUND
- Source citation: Work cat.: (TZ-ArACH)3221: International committee of the Red Cross 18048, Geneva conventions of 12 August 1949 : commentary, Vol IV relative to the protection of civilian persons in time of war, 1952-[1960], [2nd reprint, 2006]
670 ## - SOURCE DATA FOUND
- Source citation: Work cat.: (TZ-ArACH)3221: International committee of the Red Cross 18048, Geneva conventions of 12 August 1949 : commentary, Vol IV relative to the protection of civilian persons in time of war, 1952-[1960], [2nd reprint, 2006]
